书目信息 |
| 题名: |
中国基尼系数及其分解分析
|
|
| 作者: | 程永宏 著 | |
| 分册: | ||
| 出版信息: | 北京 中国经济出版社 2013 |
|
| 页数: | 180页 | |
| 开本: | 24cm | |
| 丛书名: | ||
| 单 册: | ||
| 中图分类: | F124.7 | |
| 科图分类: | ||
| 主题词: | 收入分配--研究--中国 , 收入分配 | |
| 电子资源: | ||
| ISBN: | 978-7-5136-2467-1 | |
| 000 | 01462nam0 2200277 450 | |
| 001 | 523 | |
| 005 | 20140908161907.56 | |
| 010 | @a978-7-5136-2467-1@dCNY32.00 | |
| 100 | @a20130702d2013 em y0chiy50 ea | |
| 101 | 0 | @achi |
| 102 | @aCN@b110000 | |
| 105 | @ay z 001yy | |
| 106 | @ar | |
| 200 | 1 | @a中国基尼系数及其分解分析@AZhong Guo Ji Ni Xi Shu Ji Qi Fen Jie Fen Xi@e理论、方法与应用@ELi Lun、 Fang Fa Yu Ying Yong@f程永宏著@FCheng Yong Hong Zhu |
| 210 | @a北京@c中国经济出版社@d2013 | |
| 215 | @a180页@d24cm | |
| 300 | @a中国经济文库·理论经济学精品系列(二) | |
| 300 | @a国家自然科学基金项目《中国总体基尼系数的多角度分解——方法与应用中期成果 中国人民大学“国家985工程优势学科创新平台项目”专项经费部分资助 | |
| 330 | @a本书共6章,第1章介绍了收入不平等度量的一些基本概念;第2章论证了两个人口亚组情形下基尼系数分解的新方法,克服了现有几种分解方法的公认缺陷;第3章把这一方法推广到多个亚组的情形,同时提出并论证了一个全新的组间不平等指数;第4章对中国1978-2008年的总体基尼系数进行了计算和城乡分解,得出了有意义的结果;第5章运用该方法结合CGSS收入调查数据,对中国总体基尼系数进行了东-中-西部三个地区之间的分解;第6章提供了第4、第5章所使用的计算和分解总体基尼系数的Matlab程序。 | |
| 517 | 1 | @a理论、方法与应用@ALi Lun、 Fang Fa Yu Ying Yong |
| 606 | 0 | @a收入分配@x研究@y中国 |
| 606 | 0 | @a收入分配 |
| 690 | @aF124.7@v5 | |
| 701 | 0 | @a程永宏@ACheng Yong Hong@f(1970~)@4著 |
| 801 | 0 | @aCN@bTANGWEI@c20140603 |
| 905 | @b0839341-43@dF124.7@e203@f3 | |
| 中国基尼系数及其分解分析:理论、方法与应用/程永宏著.-北京:中国经济出版社,2013 |
| 180页;24cm |
| 中国经济文库·理论经济学精品系列(二).-国家自然科学基金项目《中国总体基尼系数的多角度分解——方法与应用中期成果 中国人民大学“国家985工程优势学科创新平台项目”专项经费部分资助 |
| ISBN 978-7-5136-2467-1:CNY32.00 |
| 本书共6章,第1章介绍了收入不平等度量的一些基本概念;第2章论证了两个人口亚组情形下基尼系数分解的新方法,克服了现有几种分解方法的公认缺陷;第3章把这一方法推广到多个亚组的情形,同时提出并论证了一个全新的组间不平等指数;第4章对中国1978-2008年的总体基尼系数进行了计算和城乡分解,得出了有意义的结果;第5章运用该方法结合CGSS收入调查数据,对中国总体基尼系数进行了东-中-西部三个地区之间的分解;第6章提供了第4、第5章所使用的计算和分解总体基尼系数的Matlab程序。 |
| ● |
| 相关链接 |
|
|
|
|
正题名:中国基尼系数及其分解分析
索取号:F124.7/203
 
预约/预借
| 序号 | 登录号 | 条形码 | 馆藏地/架位号 | 状态 | 备注 |
| 1 | 0839341 | 208393415 | 第一样本阅览室/ [索取号:F124.7/203] | 在馆 | |
| 2 | 0839342 | 208393424 | 第一借阅区/ [索取号:F124.7/203] | 在馆 | |
| 3 | 0839343 | 208393433 | 经管系资料室/ [索取号:F124.7/203] | 在馆 |